<?xml version="1.0" encoding="UTF-8"?>
<record
    xmlns:xsi="http://www.w3.org/2001/XMLSchema-instance"
    xsi:schemaLocation="http://www.loc.gov/MARC21/slim http://www.loc.gov/standards/marcxml/schema/MARC21slim.xsd"
    xmlns="http://www.loc.gov/MARC21/slim">

  <leader>02003    a2200205   4500</leader>
  <controlfield tag="001">39907</controlfield>
  <controlfield tag="005">20260407155655.0</controlfield>
  <controlfield tag="008">260407a1958    arg                 spa d</controlfield>
  <controlfield tag="003">AR-UNSa-BCEJYS</controlfield>
  <datafield tag="040" ind1=" " ind2=" ">
    <subfield code="a">AR-UNSa-BCEJYS</subfield>
    <subfield code="b">spa</subfield>
    <subfield code="c">AR-UNSa-BCEJYS</subfield>
  </datafield>
  <datafield tag="080" ind1=" " ind2=" ">
    <subfield code="a">930.85</subfield>
    <subfield code="x">Historia de la civilizaci&#xF3;n. Historia de la cultura</subfield>
  </datafield>
  <datafield tag="245" ind1="1" ind2="0">
    <subfield code="a">Historia Universal</subfield>
    <subfield code="p">los pueblos, los hombres, las ideas</subfield>
  </datafield>
  <datafield tag="250" ind1=" " ind2=" ">
    <subfield code="a">6a. ed</subfield>
  </datafield>
  <datafield tag="264" ind1=" " ind2="1">
    <subfield code="a">Buenos Aires :</subfield>
    <subfield code="b">Sudamericana</subfield>
    <subfield code="c">1958</subfield>
  </datafield>
  <datafield tag="300" ind1=" " ind2=" ">
    <subfield code="a">3 v.</subfield>
    <subfield code="c">25 cm.</subfield>
  </datafield>
  <datafield tag="505" ind1=" " ind2=" ">
    <subfield code="a">Vol. I: 1. La tarea propuesta - 2. Prehistoria - 3. Los primitivos - 3. La antigua india - 4. La antigua china - 5. Egipto - 6. Estados y culturas del asia anterior - 6. Estados y culturas del asia anterior - 7. El mundo griego - 8. Roma - 9. Evoluci&#xF3;n del imperio romano, el cristianismo.El mundo germanico - - 10. Los se&#xF1;oris germanicos.Bizancio - 11. India y china. El islam - 12. Carlomagno - 13. La genesis de los se&#xF1;orios particulares europeos y la prepotencia - 14. La epoca de las cruzadas - 15. La cultura del feudalismo en europa - 16. Comienzos  del renacimiento italiano - 17. La europa occidental y cntral antes de la reforma - 18. Expansi&#xF3;n asiatica. La americana prehispanica.Exploraciones europeas. El descubrimiento - 19. La &#xE9;poca de carlos quinto.Alto renacimiento y reforma - 20. La contrareforma -- Vol. II: 1. La gran guerra de europa.Richelieu. La revoluci&#xF3;n inglesa - 2. La &#xE9;poca de luis XIV - 3. La ilustraci&#xF3;n - 4. Asia y &#xE1;frica. La revoluci&#xF3;n americana - 5. La gran revoluci&#xF3;n francesa - 6. Napoleon - 7. Las luchas del liberalismo - 8. La revoluci&#xF3;n europea.La contrarevoluci&#xF3;n - Vol. III: 1. Epoca de Napol&#xE9;on III y de la fundaci&#xF3;n de imperio por bismarck - 2. La genesis del imperialismo - 3. Pol&#xED;tica mundial, guerra mundial, revoluci&#xF3;n mundial - 4. Las fuerzas din&#xE1;micas del presente - 5. La segunda guerra mundial - 6. La posguerra - 7. El mundo de hoy. </subfield>
  </datafield>
  <datafield tag="942" ind1=" " ind2=" ">
    <subfield code="c">BK</subfield>
  </datafield>
  <datafield tag="590" ind1=" " ind2=" ">
    <subfield code="a">niveau_biblio:m niveau_hierar:0</subfield>
  </datafield>
  <datafield tag="100" ind1="1" ind2=" ">
    <subfield code="a">Valentin, Veit</subfield>
  </datafield>
  <datafield tag="999" ind1=" " ind2=" ">
    <subfield code="c">3140</subfield>
    <subfield code="d">3140</subfield>
  </datafield>
  <datafield tag="952" ind1=" " ind2=" ">
    <subfield code="0">0</subfield>
    <subfield code="1">0</subfield>
    <subfield code="4">0</subfield>
    <subfield code="7">0</subfield>
    <subfield code="a">BCEJYS</subfield>
    <subfield code="b">BCEJYS</subfield>
    <subfield code="c">16</subfield>
    <subfield code="d">2026-04-07</subfield>
    <subfield code="l">0</subfield>
    <subfield code="o">930.85 V152 v.1</subfield>
    <subfield code="p">L20751</subfield>
    <subfield code="r">2026-04-07 15:56:55</subfield>
    <subfield code="w">2026-04-07</subfield>
    <subfield code="y">L</subfield>
  </datafield>
  <datafield tag="952" ind1=" " ind2=" ">
    <subfield code="0">0</subfield>
    <subfield code="1">0</subfield>
    <subfield code="4">0</subfield>
    <subfield code="7">0</subfield>
    <subfield code="a">BCEJYS</subfield>
    <subfield code="b">BCEJYS</subfield>
    <subfield code="c">16</subfield>
    <subfield code="d">2026-04-07</subfield>
    <subfield code="l">0</subfield>
    <subfield code="o">930.85 V152 v.2</subfield>
    <subfield code="p">L20749</subfield>
    <subfield code="r">2026-04-07 15:56:55</subfield>
    <subfield code="w">2026-04-07</subfield>
    <subfield code="y">L</subfield>
  </datafield>
  <datafield tag="952" ind1=" " ind2=" ">
    <subfield code="0">0</subfield>
    <subfield code="1">0</subfield>
    <subfield code="4">0</subfield>
    <subfield code="7">0</subfield>
    <subfield code="a">BCEJYS</subfield>
    <subfield code="b">BCEJYS</subfield>
    <subfield code="c">16</subfield>
    <subfield code="d">2026-04-07</subfield>
    <subfield code="l">0</subfield>
    <subfield code="o">930.85 V152 v.3</subfield>
    <subfield code="p">L20750</subfield>
    <subfield code="r">2026-04-07 15:56:55</subfield>
    <subfield code="w">2026-04-07</subfield>
    <subfield code="y">L</subfield>
  </datafield>
</record>
